Služby maklérov v poisťovníctve

Služby poisťovacích maklérov na Slovensku. Kódex etiky maklérov v poisťovníctve. Profil Slovenskej asociácie maklérov. Založenie a činnosť SAMP. Publikačná a osvetová činnosť SAMP. Vzťahy SAMP so zahraničím.

Gespeichert in:
Bibliographische Detailangaben
1. Verfasser: Veselovská, Stanislava, 1957-
Format: Buchkapitel
Sprache:Slowakisch
Schlagworte:
Tags: Tag hinzufügen
Keine Tags, Fügen Sie das erste Tag hinzu!

MARC

LEADER 00000naa$a2200000$$$4500
001 0045886
005 20240502071530.8
041 0 |a slo 
044 |a SK 
245 1 0 |a Služby maklérov v poisťovníctve  |c Stanislava Veselovská 
520 |a Služby poisťovacích maklérov na Slovensku. Kódex etiky maklérov v poisťovníctve. Profil Slovenskej asociácie maklérov. Založenie a činnosť SAMP. Publikačná a osvetová činnosť SAMP. Vzťahy SAMP so zahraničím. 
610 2 0 |a trh poistný 
610 2 0 |a makléri 
610 2 0 |a kódexy etické 
610 2 0 |a poistenie 
100 1 |a Veselovská, Stanislava, 1957-